000 00320pab a2200121 454500
008 180718b xxu||||| |||| 00| 0 eng d
100 _aBerry, Sebastian
245 _aLobbyists: techniques of the political `insiders'
650 _a Pressure Groups
650 _aLobbying
773 _aParliamentary Affairs
909 _a22262
999 _c22262
_d22262